Antológia textov z politológie

Saved in:
Bibliographic Details
Format: Book
Language:Slovak
Published: Bratislava VŠE 1991
Edition:1. vyd.
Tags: Add Tag
No Tags, Be the first to tag this record!

MARC

LEADER 00000nam a2200000 4500
001 c024019
005 20221214093145.4
041 0 |a slo 
044 |a SK 
245 1 0 |a Antológia textov z politológie 
250 |a 1. vyd. 
264 1 |a Bratislava  |b VŠE  |c 1991 
300 |a 146 s.